00906 a2200181 45000010006000000050017000060080041000230030015000640400040000790800042001192450037001610200018001982640031002163000019002475050422002661000018006887000018007063821220260407155646.0260407a1989 arg spa dAR-UNSa-BCEJYS aAR-UNSa-BCEJYSbspacAR-UNSa-BCEJYS a658.81xOrganización de las ventas 10aComo vender en tiempos de crisis a950-641-090-9 1aBarcelona :bGranicac1989 a317 p.c23 cm. a1. De que trata este libro - 2. Comprender el nuevo juego - 3. Las reglas del nuevo juego - 4. Los que cambian el juego - 5. Usted no puede fracasar - 6. Vender con un objeto - 7. Crear una visión - 8. Ser lider de un equipo - 9. Asociarse - 10. Valor agregado - 11. Aplicar el principio de la potenciación - 12. La superioridad natural de las mujeres - 13. Cómo dirigir un equipo de ventas de alto desempeño.1 aWilson, Larry1 aWilson, Hersh